El tratado ` Contra caecitatem iudaeorum` / (Record no. 109041)

MARC details
000 -LEADER
campo de control de longitud fija 00657nam a2200181 i 4500
001 - NÚMERO DE CONTROL
campo de control 109041
003 - IDENTIFICADOR DE NÚMERO DE CONTROL
campo de control ES-MaACL
005 - FECHA Y HORA DE LA ÚLTIMA TRANSACCIÓN
campo de control 20230906184750.0
007 - CAMPO FIJO DE DESCRIPCIÓN FÍSICA--INFORMACIÓN GENERAL
campo de control de longitud fija t|
008 - DATOS DE LONGITUD FIJA--INFORMACIÓN GENERAL
campo de control de longitud fija 061121s1965 sp r ||||1| spa d
100 1# - ENTRADA PRINCIPAL--NOMBRE DE PERSONA
Nombre de persona Oliver, Bernardo.
9 (RLIN) 86805
245 13 - MENCIÓN DEL TÍTULO
Título El tratado ` Contra caecitatem iudaeorum` /
Mención de responsabilidad, etc. de fray Bernardo Oliver ; Edición crítica y biobibliográfica por Francisco Cantero Burgos.
260 ## - PUBLICACIÓN, DISTRIBUCIÓN, ETC.
Lugar de publicación, distribución, etc. Madrid [etc.] :
Nombre del editor, distribuidor, etc. Instituo Arias Montano,
Fecha de publicación, distribución, etc. 1965.
300 ## - DESCRIPCIÓN FÍSICA
Extensión VIII, 150 p. 6 lám. ;
Dimensiones 23 cm.
650 #4 - PUNTO DE ACCESO ADICIONAL DE MATERIA--TÉRMINO DE MATERIA
Término de materia o nombre geográfico como elemento de entrada Judaísmo-
Subdivisión de forma Obras de controversia.
9 (RLIN) 13970
700 1# - ENTRADA AGREGADA--NOMBRE PERSONAL
Nombre de persona Cantera Burgos, Francisco.
9 (RLIN) 34642
852 ## - LOCALIZACIÓN
Ubicación ES-MaACL
Número de control de estantería C-29584
Sublocalización o colección R.59905
Holdings
Estatus retirado Estado de pérdida Estado de daño No para préstamo Biblioteca de origen Biblioteca actual Ubicación en estantería Fecha de adquisición Fuente de adquisición Total de préstamos Signatura topográfica completa Código de barras Visto por última vez Precio de reemplazo Tipo de ítem Koha
        Biblioteca del Ateneo de Madrid Biblioteca del Ateneo de Madrid Depósito 2 17/01/2008     C-29584 1113776 23/02/2023 23/02/2023 Libro impreso